Manchester United - kadra w sezonie 2014/15 - Statystyki

Ogólne statystyki
  • Ten quiz został rozwiązany 20 razy
  • Średni wynik to 17 z 36
Statystyki odpowiedzi
Hint Odpowiedź % Poprawnych
1 Bramkarz Hiszpania David de Gea
100%
10 Napastnik Anglia Wayne Rooney
79%
11 Pomocnik Belgia Adnan Januzaj
71%
8 Pomocnik Hiszpania Juan Mata
71%
5 Obrońca Argentyna Marcos Rojo
71%
16 Pomocnik Anglia Michael Carrick
71%
9 Napastnik Kolumbia Radamel Falcao
71%
20 Napastnik Holandia Robin van Persie
71%
21 Pomocnik Hiszpania Ander Herrera
64%
7 Pomocnik Argentyna Ángel Di María
64%
25 Pomocnik Ekwador Antonio Valencia
64%
12 Obrońca Anglia Chris Smalling
64%
2 Obrońca Brazylia Rafael
64%
17 Pomocnik Holandia Daley Blind
57%
6 Obrońca Irlandia Północna Jonny Evans
57%
3 Obrońca Anglia Luke Shaw
57%
31 Pomocnik Belgia Marouane Fellaini
57%
4 Obrońca Anglia Phil Jones
57%
26 Pomocnik Japonia Shinji Kagawa
57%
18 Pomocnik Anglia Ashley Young
50%
28 Pomocnik Brazylia Anderson
43%
19 Napastnik Anglia Danny Welbeck
43%
23 Pomocnik Anglia Tom Cleverley
43%
44 Pomocnik Brazylia Andreas Pereira
36%
49 Napastnik Anglia James Wilson
36%
24 Pomocnik Szkocja Darren Fletcher
29%
33 Obrońca Irlandia Północna Paddy McNair
29%
32 Bramkarz Hiszpania Víctor Valdés
29%
35 Pomocnik Anglia Jesse Lingard
21%
38 Obrońca Anglia Michael Keane
14%
22 Pomocnik Anglia Nick Powell
14%
36 Obrońca Belgia Marnick Vermijl
7%
41 Obrońca Anglia Reece James
7%
37 Obrońca Szwajcaria Saidy Janko
7%
42 Obrońca Anglia Tyler Blackett
7%
39 Obrońca Anglia Tom Thorpe
0%
Nie znaleziono quizów pasujących do podanych kryteriów
Rozkład punktacji
Procent ludzi z każdym wynikiem
Percentyl według liczby udzielonych odpowiedzi
Twoja historia wyników
Nie rozwiązałeś tego quizu